000 00402cam a2200181 4500
008 #DATE n2000 000 0 eng u
020 _a0471324388
035 _a(Sirsi) u119606
041 _aeng
050 _a658.404
100 _aClough, R.
245 _aConstruction project management
250 _a4th
260 _bWiley
_c2000
350 _a73.50
700 _aSears, G.
942 _n0
999 _c102337
_d102337